Managing agents in the firing line (Record no. 84473)
[ view plain ]
| 000 -LEADER | |
|---|---|
| fixed length control field | 00818cab a22002175a 4500 |
| 001 - CONTROL NUMBER | |
| control field | L157828 |
| 008 - FIXED-LENGTH DATA ELEMENTS--GENERAL INFORMATION | |
| fixed length control field | 130530e20130525xxk 000 0 eng d |
| 035 ## - SYSTEM CONTROL NUMBER | |
| System control number | (Sirsi) u157828 |
| 041 0# - LANGUAGE CODE | |
| Language code of text/sound track or separate title | eng |
| 100 1# - MAIN ENTRY--PERSONAL NAME | |
| Personal name | Harrison, Anne |
| 245 00 - TITLE STATEMENT | |
| Title | Managing agents in the firing line |
| 260 ## - PUBLICATION, DISTRIBUTION, ETC. | |
| Date of publication, distribution, etc. | 2013 |
| 490 ## - SERIES STATEMENT | |
| Series statement | Estates Gazette |
| Volume/sequential designation | (1321) 25 May 2013, 96-98(3) |
| 520 ## - SUMMARY, ETC. | |
| Summary, etc. | Duties of managing agents under environmental law from letting and property management and maintenance through to clearance of sites after the departure of tenants or licensees. Gives some examples of liability and practical advice for protection against the risk of prosecution. |
| 590 ## - LOCAL NOTE (RLIN) | |
| Local note | KA |
| 651 #4 - SUBJECT ADDED ENTRY--GEOGRAPHIC NAME | |
| Geographic name | United Kingdom |
| 690 ## - LOCAL SUBJECT ADDED ENTRY--TOPICAL TERM (OCLC, RLIN) | |
| Topical term or geographic name as entry element | Landlord and tenant |
| 9 (RLIN) | 6252 |
| 690 ## - LOCAL SUBJECT ADDED ENTRY--TOPICAL TERM (OCLC, RLIN) | |
| Topical term or geographic name as entry element | Minerals and waste |
| 9 (RLIN) | 6257 |
| 700 1# - ADDED ENTRY--PERSONAL NAME | |
| Personal name | Scott, N. |
| 942 ## - ADDED ENTRY ELEMENTS (KOHA) | |
| Suppress in OPAC | 0 |
| Withdrawn status | Lost status | Source of classification or shelving scheme | Damaged status | Not for loan | Home library | Current library | Shelving location | Date acquired | Total Checkouts | Full call number | Barcode | Date last seen | Copy number | Price effective from | Koha item type |
|---|---|---|---|---|---|---|---|---|---|---|---|---|---|---|---|
| Dewey Decimal Classification | London | London | Journal article | 30/05/2013 | L157828 | 157828-1001 | 06/08/2019 | 1 | 06/08/2019 | Journal article |